Welcome to the Holygrace Academy Library

Please use search bar below to get started

THE FOOLISH RABBIT (Record no. 9028)

MARC details
000 -LEADER
fixed length control field 00199nam a22000977a 4500
082 ## - DEWEY DECIMAL CLASSIFICATION NUMBER
Classification number 823
Item number PRE/F
100 ## - MAIN ENTRY--AUTHOR NAME
Personal name PERCIA, MANAROSE
245 ## - TITLE STATEMENT
Title THE FOOLISH RABBIT
650 ## - SUBJECT ADDED ENTRY--TOPICAL TERM
Topical Term ENGLISH FICTION
942 ## - ADDED ENTRY ELEMENTS (KOHA)
Koha item type Books
Holdings
Withdrawn status Lost status Collection code Home library Current library Date acquired Source of acquisition Cost, normal purchase price Full call number Accession Number Koha item type
  Missing Fiction Main Library Main Library 01/03/2002 PURCHASED 30.00 823 PRE/F 00336 Books